Statistics for 15 Largest Cities in IdahošŸ„”

Click here to take the quiz!

General Stats

  • This quiz has been taken 13 times
  • The average score is 10 of 15

Answer Stats

PopulationCity% Correct
231,537Boise
100%
53,189Coeur d'Alene
83%
64,399Idaho Falls
83%
55,865Pocatello
83%
115,227Meridian
75%
98,881Nampa
75%
51,223Twin Falls
75%
29,665Eagle
67%
58,872Caldwell
58%
38,162Post Falls
58%
33,964Lewiston
50%
25,336Moscow
50%
33,684Rexburg
42%
17,401Ammon
33%
23,765Kuna
33%

Score Distribution

Percentile by Number Answered

Percent of People with Each Score

Your Score History

You have not taken this quiz